00970caa a22001692a 4500001000900000003001100009008004300020092001600063100002300079245009200102300001500194500015700209942000900366999001700375773020400392773020400596 022070 AR-FADEU 311216n########xxu####################dd a323.4bV328 aZurutuza, Cristina aCrímenes sexuales en contextos concentracionarios : violencia, género, subjetividad aPP. 69-114 aEn: Grietas en el silencio : una investigación sobre la violencia sexual en el marco del terrorismo de Estado / Marta Vassallo. Rosario : Cladem, 2001 cBDGR c27776d277760 027769927061aVassallo, MartabdRosarioo19502tGrietas en el silencio : una investigación sobre la violencia sexual en el marco del terrorismo de Estadow( AR-FADEU) 022063xz978-987-27016-0-40 027769927062aVassallo, MartabdRosarioo19769tGrietas en el silencio : una investigación sobre la violencia sexual en el marco del terrorismo de Estadow( AR-FADEU) 022063xz978-987-27016-0-4